[Event "SportAccord Blitz Men 2013"]
[Site "Beijing CHN"]
[Date "2013.12.15"]
[Round "11.7"]
[White "Radjabov, Teimour"]
[Black "Vachier-Lagrave, Maxime"]
[Result "1/2-1/2"]
[WhiteTitle "GM"]
[BlackTitle "GM"]
[WhiteElo "2713"]
[BlackElo "2745"]
[WhiteFideId "13400924"]
[BlackFideId "623539"]
[EventDate "2013.12.14"]

1. d4 Nf6 2. c4 g6 3. Nc3 d5 4. cxd5 Nxd5 5. e4 Nxc3 6. bxc3 Bg7 7. Nf3 c5 8.
Rb1 O-O 9. Be2 b6 10. O-O Bb7 11. d5 Bxc3 12. Bc4 Bg7 13. Qe2 Qc8 14. Bb2 Ba6
15. Rfc1 Bxc4 16. Rxc4 Bxb2 17. Rxb2 e6 18. d6 e5 19. Nxe5 Qe6 20. f4 Rd8 21.
Ng4 Qxd6 22. Rc1 Nc6 23. e5 Qd4+ 24. Kh1 Qxf4 25. Rf1 Qg5 26. Qe4 Rac8 27. Rbf2
Rd4 28. Qf3 Rxg4 29. Qxf7+ Kh8 30. Qd7 Ne7 31. Rf7 Rd4 32. Qxe7 Qxe7 33. Rxe7
Rcd8 34. Kg1 R4d7 35. Rf8+ Rxf8 36. Rxd7 Re8 37. Rxa7 Rxe5 38. Rb7 Re6 39. Rc7
Re2 40. a4 Ra2 41. Rc6 Rxa4 42. Rxb6 Ra2 43. Rb7 Rc2 44. Rc7 c4 45. h4 h5 46.
Kh2 Rc3 47. g3 Rc2+ 48. Kh3 Kg8 49. Rd7 Kf8 50. Rc7 Kg8 51. Rd7 Rb2 52. Rc7 Rb4
53. Kg2 Kf8 54. Kf3 Rb3+ 55. Kf4 c3 56. Kg5 c2 57. Kxg6 Rxg3+ 58. Kxh5 Rg2 59.
Kh6 Ke8 60. h5 Kd8 61. Rc3 Ke7 62. Kh7 Kf6 63. h6 Kf5 64. Rc5+ Ke4 65. Rc4+ Kd3
66. Rxc2 Kxc2 67. Kh8 Kd3 68. h7 Ke4 1/2-1/2

[Event "SportAccord Blitz Men 2013"]
[Site "Beijing CHN"]
[Date "2013.12.15"]
[Round "11.8"]
[White "Dominguez Perez, Leinier"]
[Black "Giri, Anish"]
[Result "1-0"]
[WhiteTitle "GM"]
[BlackTitle "GM"]
[WhiteElo "2754"]
[BlackElo "2734"]
[WhiteFideId "3503240"]
[BlackFideId "24116068"]
[EventDate "2013.12.14"]

1. c4 g6 2. g3 Bg7 3. Bg2 e5 4. Nc3 Nc6 5. d3 f5 6. e4 d6 7. Nge2 Nf6 8. O-O O-O
9. Nd5 fxe4 10. dxe4 Bg4 11. f3 Be6 12. Be3 Qd7 13. Qd2 a5 14. Rac1 b6 15. b3
Kh8 16. Rfd1 Rf7 17. Nec3 Raf8 18. Nb5 Ne8 19. Rf1 Ne7 20. Nbc3 Nc6 21. Nb5 Ne7
22. Nbc3 Nc6 23. Ne2 Bh3 24. a3 Nf6 25. Nec3 Nxd5 26. cxd5 Nd4 27. Bxd4 exd4 28.
Ne2 Bxg2 29. Kxg2 Qb5 30. Nxd4 Bxd4 31. Qxd4+ Kg8 32. Qc4 Qe8 33. Qd3 Qe5 34.
Qc3 Qe7 35. Qd4 g5 36. Rc2 h5 37. Rcf2 Re8 38. Re2 Qd7 39. Qd2 Rg7 40. Rfe1 Qb5
41. Qc3 Re5 42. Qc4 Qe8 43. Qd3 Rge7 44. a4 Qf7 45. Qd2 Qg7 46. Qd3 Qf6 47. Rc2
Qg6 48. h3 g4 49. hxg4 hxg4 50. Rce2 gxf3+ 51. Qxf3 Rf7 52. Qe3 Rh5 53. Rf2 Rfh7
54. Qf3 Rh2+ 55. Kg1 Rxf2 56. Qxf2 Qh6 57. Qg2 Qf6 58. Rf1 Qe5 59. Qf3 Rg7 60.
Kg2 Qe7 61. Qf5 Qh4 62. Qf8+ Kh7 63. Qxg7+ 1-0

[Event "SportAccord Blitz Men 2013"]
[Site "Beijing CHN"]
[Date "2013.12.15"]
[Round "12.1"]
[White "Aronian, Levon"]
[Black "Giri, Anish"]
[Result "1/2-1/2"]
[WhiteTitle "GM"]
[BlackTitle "GM"]
[WhiteElo "2803"]
[BlackElo "2734"]
[WhiteFideId "13300474"]
[BlackFideId "24116068"]
[EventDate "2013.12.14"]

1. d4 Nf6 2. Nf3 g6 3. Nbd2 d5 4. e3 Bg7 5. b4 O-O 6. Be2 Nbd7 7. Bb2 b6 8. O-O
Bb7 9. c4 c5 10. bxc5 bxc5 11. Rb1 dxc4 12. Bxc4 cxd4 13. Bxd4 Nb6 14. Bb3 Rc8
15. Re1 Ne4 16. Bxg7 Kxg7 17. Rb2 Qd6 18. Nxe4 Qxd1 19. Rxd1 Bxe4 20. Rbd2 e6
21. h3 Bd5 22. Nd4 Rc5 23. f3 Rfc8 24. e4 Bxb3 25. axb3 a5 26. Ra1 e5 27. Ne2
Rb5 28. Rd3 Rc2 29. Kf1 Rb2 30. h4 R2xb3 31. Rxb3 Rxb3 32. Rxa5 Nd7 33. Rd5 Rb7
34. Nc3 f6 35. Ra5 Nf8 36. Nd5 Ne6 37. Ra6 Kf7 38. Kf2 h5 39. Kg3 Rd7 40. Kf2
Rb7 41. Ke3 Rb3+ 42. Kf2 Rb7 43. g3 Rb2+ 44. Ke1 Rb7 45. Kd2 f5 46. exf5 gxf5
47. Ne3 Nd4 48. Nc4 Nxf3+ 49. Ke2 Rb3 50. Nd6+ Ke6 51. Ne4+ Ke7 52. Ra7+ Kd8 53.
Nf6 Nd4+ 54. Kf2 Rb2+ 55. Ke3 Rb3+ 56. Kf2 Rb2+ 57. Ke3 Rb3+ 1/2-1/2

[Event "SportAccord Blitz Men 2013"]
[Site "Beijing CHN"]
[Date "2013.12.15"]
[Round "12.3"]
[White "Ponomariov, Ruslan"]
[Black "Radjabov, Teimour"]
[Result "1-0"]
[WhiteTitle "GM"]
[BlackTitle "GM"]
[WhiteElo "2731"]
[BlackElo "2713"]
[WhiteFideId "14103320"]
[BlackFideId "13400924"]
[EventDate "2013.12.14"]

1. e4 c5 2. Nf3 Nc6 3. d4 cxd4 4. Nxd4 g6 5. c4 d6 6. Nc3 Nf6 7. Be2 Nxd4 8.
Qxd4 Bg7 9. Bg5 O-O 10. Qd2 a5 11. Rc1 Be6 12. O-O a4 13. f4 Qa5 14. Kh1 Rfc8
15. b3 axb3 16. axb3 Kh8 17. Bd3 Bd7 18. Qe2 Bc6 19. Nd5 Re8 20. b4 Qd8 21. Nc3
b6 22. e5 Kg8 23. Bh4 Nh5 24. Be4 Bxe4 25. Qxe4 Qb8 26. g4 Nf6 27. exf6 exf6 28.
Qg2 Ra3 29. Nd5 Qa7 30. Rce1 Re6 31. f5 Re5 32. Bxf6 Bxf6 33. Nxf6+ Kg7 34. Rxe5
dxe5 35. fxg6 hxg6 36. Ne8+ Kg8 37. Nd6 Ra1 38. Qf3 Rxf1+ 39. Qxf1 Qd7 40. Qxf7+ 1-0

[Event "SportAccord Blitz Men 2013"]
[Site "Beijing CHN"]
[Date "2013.12.15"]
[Round "12.4"]
[White "Wang, Hao"]
[Black "Karjakin, Sergey"]
[Result "1/2-1/2"]
[WhiteTitle "GM"]
[BlackTitle "GM"]
[WhiteElo "2735"]
[BlackElo "2756"]
[WhiteFideId "8602883"]
[BlackFideId "14109603"]
[EventDate "2013.12.14"]

1. Nf3 Nf6 2. g3 d5 3. Bg2 e6 4. O-O Be7 5. d3 c5 6. Nbd2 Nc6 7. e4 O-O 8. Re1
b5 9. a4 b4 10. exd5 Nxd5 11. Nc4 Bb7 12. h4 Rc8 13. Bg5 h6 14. Bxe7 Qxe7 15. a5
Rfd8 16. Nfe5 Nxe5 17. Rxe5 Ba6 18. Qe2 Qc7 19. Re4 b3 20. c3 Nf6 21. Rf4 Nd5
22. Re4 Nf6 23. Rf4 Bxc4 24. Rxc4 Nd7 25. d4 Qb8 26. a6 Qb5 27. Bf1 Qb6 28. dxc5
Nxc5 29. Rb4 Qc7 30. Qe3 Rd5 31. Rc4 Qd6 32. Ra5 Rc7 33. Kh2 Qb6 34. Ra1 Qd6 35.
Ra5 Qb6 36. Ra1 Qd6 37. Ra5 Qb6 1/2-1/2

[Event "SportAccord Blitz Men 2013"]
[Site "Beijing CHN"]
[Date "2013.12.15"]
[Round "12.6"]
[White "Kamsky, Gata"]
[Black "Wang, Yue"]
[Result "1-0"]
[WhiteTitle "GM"]
[BlackTitle "GM"]
[WhiteElo "2721"]
[BlackElo "2723"]
[WhiteFideId "2000024"]
[BlackFideId "8601429"]
[EventDate "2013.12.14"]

1. d4 Nf6 2. Bf4 e6 3. e3 c5 4. c3 Nc6 5. Nd2 d5 6. Bd3 Bd6 7. Bxd6 Qxd6 8. f4
cxd4 9. cxd4 Bd7 10. a3 O-O 11. Ngf3 Ne7 12. O-O Bc6 13. Ne5 Nd7 14. Qh5 f5 15.
Nxd7 Qxd7 16. Nf3 Qe8 17. Qxe8 Rfxe8 18. Rfc1 Rec8 19. h3 Be8 20. Ne5 Nc6 21.
Kf2 Nxe5 22. dxe5 Kf8 23. g4 g6 24. Kg3 a5 25. h4 h5 26. gxh5 gxh5 27. Kf2 a4
28. Ke2 Rc6 29. Kd2 Rac8 30. Rc3 Rxc3 31. bxc3 b5 32. Rg1 Rc7 33. Be2 Rg7 34.
Rxg7 Kxg7 35. Kd3 1-0

[Event "SportAccord Blitz Men 2013"]
[Site "Beijing CHN"]
[Date "2013.12.15"]
[Round "12.7"]
[White "Le, Quang Liem"]
[Black "Mamedyarov, Shakhriyar"]
[Result "1-0"]
[WhiteTitle "GM"]
[BlackTitle "GM"]
[WhiteElo "2703"]
[BlackElo "2757"]
[WhiteFideId "12401137"]
[BlackFideId "13401319"]
[EventDate "2013.12.14"]

1. d4 d5 2. c4 c6 3. cxd5 cxd5 4. Bf4 Nf6 5. Nc3 Nc6 6. e3 Bg4 7. f3 Bd7 8. g4
e6 9. Rc1 Be7 10. Bd3 Rc8 11. Nge2 a6 12. h4 b5 13. Bg3 Na5 14. Kf2 Nc4 15. Rc2
O-O 16. Nb1 Bd6 17. b3 Bxg3+ 18. Nxg3 Nd6 19. Qd2 Rxc2 20. Bxc2 Qe7 21. Nc3 b4
22. Nce2 a5 23. Bd3 e5 24. dxe5 Qxe5 25. g5 Nfe8 26. Bb1 Nc7 27. Qc2 g6 28. f4
Ne4+ 29. Nxe4 Qxe4 30. Qc1 1-0

[Event "SportAccord Blitz Men 2013"]
[Site "Beijing CHN"]
[Date "2013.12.15"]
[Round "12.8"]
[White "Grischuk, Alexander"]
[Black "Nepomniachtchi, Ian"]
[Result "1-0"]
[WhiteTitle "GM"]
[BlackTitle "GM"]
[WhiteElo "2783"]
[BlackElo "2721"]
[WhiteFideId "4126025"]
[BlackFideId "4168119"]
[EventDate "2013.12.14"]

1. e4 c5 2. Nf3 d6 3. d4 cxd4 4. Nxd4 Nf6 5. Nc3 a6 6. Bg5 e6 7. f4 h6 8. Bh4
Qb6 9. Qd2 Qxb2 10. Rb1 Qa3 11. Bxf6 gxf6 12. Be2 h5 13. O-O Qa5 14. Kh1 Nc6 15.
Nxc6 bxc6 16. f5 Be7 17. Qd3 h4 18. Bg4 Qe5 19. Qh3 Bd8 20. fxe6 fxe6 21. Ne2
Rh6 22. Nf4 Kf7 23. Nd3 Qg5 24. Nf4 Qe5 25. Rbe1 Rb8 26. Nd3 Qg5 27. e5 d5 28.
exf6 Rxf6 29. Bxe6+ Kg7 30. Bxc8 1-0

[Event "SportAccord Blitz Men 2013"]
[Site "Beijing CHN"]
[Date "2013.12.15"]
[Round "13.1"]
[White "Nepomniachtchi, Ian"]
[Black "Aronian, Levon"]
[Result "1-0"]
[WhiteTitle "GM"]
[BlackTitle "GM"]
[WhiteElo "2721"]
[BlackElo "2803"]
[WhiteFideId "4168119"]
[BlackFideId "13300474"]
[EventDate "2013.12.14"]

1. c4 e6 2. Nc3 d5 3. d4 Be7 4. cxd5 exd5 5. Bf4 c6 6. e3 Bf5 7. g4 Be6 8. h4
Nd7 9. g5 h6 10. g6 Ngf6 11. gxf7+ Bxf7 12. Bd3 O-O 13. Qf3 Qb6 14. O-O-O c5 15.
Nge2 Rac8 16. Rhg1 Kh8 17. Bc2 cxd4 18. Rxd4 Bc5 19. Na4 Qa5 20. Nxc5 Rxc5 21.
Bd6 Qxa2 22. Bxc5 Nxc5 23. Qg3 Rg8 24. Qc7 Qa1+ 25. Kd2 Nfe4+ 26. Bxe4 Qxb2+ 27.
Ke1 Nxe4 28. Qxf7 Qb1+ 29. Rd1 Qb4+ 30. Kf1 Nd2+ 31. Rxd2 Qxd2 32. Ng3 d4 33. e4
d3 34. Kg2 Qb4 35. Rd1 Rd8 36. Qc7 Qf8 37. Qxb7 Qf4 38. Qxa7 Qxh4 39. Qe3 Qg4
40. Rxd3 Rf8 41. Rd5 Kh7 42. Rf5 Re8 43. Qf3 Qg6 44. Rd5 Qc6 45. Qf5+ Kg8 46.
Qd7 Qg6 47. Qf5 Qc6 48. Rc5 Qa4 49. Rc7 Rf8 50. Qe6+ Kh8 51. Rf7 Rg8 52. Qg6 Qd4
53. Rf3 Qe5 54. Qf5 Qe7 55. e5 Re8 56. Re3 Qb7+ 57. Qe4 Qf7 58. e6 Qf6 59. e7 g6
60. Rf3 Qg7 61. Re3 Qf6 62. Qe5 Kg7 63. Qxf6+ Kxf6 64. Ne4+ Ke5 65. Nc3+ Kd6 66.
Rg3 g5 67. Rh3 Rxe7 68. Rxh6+ Ke5 69. Ne2 Rg7 70. Ng3 Rg8 71. Ra6 g4 72. Ra5+
Kf6 73. Ra4 Kg5 74. Nf1 Kh5 75. Ra5+ 1-0

[Event "SportAccord Blitz Men 2013"]
[Site "Beijing CHN"]
[Date "2013.12.15"]
[Round "13.2"]
[White "Mamedyarov, Shakhriyar"]
[Black "Grischuk, Alexander"]
[Result "1-0"]
[WhiteTitle "GM"]
[BlackTitle "GM"]
[WhiteElo "2757"]
[BlackElo "2783"]
[WhiteFideId "13401319"]
[BlackFideId "4126025"]
[EventDate "2013.12.14"]

1. d4 Nf6 2. c4 g6 3. Nc3 d5 4. Nf3 Bg7 5. h4 c6 6. Bf4 dxc4 7. a4 Nd5 8. Be5 f6
9. Bg3 Qa5 10. Qd2 Nd7 11. e4 Nxc3 12. Bxc4 b5 13. Bd3 b4 14. bxc3 bxc3 15. Qc2
c5 16. O-O O-O 17. Rfc1 Kh8 18. h5 f5 19. hxg6 cxd4 20. Rab1 Ba6 21. Ng5 hxg6
22. Bf4 Nc5 23. Bb5 d3 24. Qd1 Nxe4 25. Qxd3 Nxg5 26. Bxa6 Nf7 27. Bc4 Rad8 28.
Qg3 e5 29. Qxg6 exf4 30. Bxf7 Rxf7 31. Qxf7 Qd5 32. Qh5+ Kg8 33. Qg5 Rc8 34. Kh2
c2 35. Rb5 Qe4 36. f3 Qe6 37. Rxf5 Qe3 38. Qg6 Qe7 39. Rh5 Rc5 40. Qh7+ Kf8 41.
Rxc5 Qxc5 42. Rxc2 Qg5 43. Rc8+ Ke7 44. Qxg7+ Qxg7 45. Rc7+ Kf6 46. Rxg7 Kxg7
47. a5 a6 48. Kh3 Kf6 49. Kg4 Ke5 50. Kg5 1-0

[Event "SportAccord Blitz Men 2013"]
[Site "Beijing CHN"]
[Date "2013.12.15"]
[Round "13.3"]
[White "Wang, Yue"]
[Black "Le, Quang Liem"]
[Result "0-1"]
[WhiteTitle "GM"]
[BlackTitle "GM"]
[WhiteElo "2723"]
[BlackElo "2703"]
[WhiteFideId "8601429"]
[BlackFideId "12401137"]
[EventDate "2013.12.14"]

1. c4 g6 2. g3 Bg7 3. Bg2 c5 4. Nc3 Nf6 5. Nf3 Nc6 6. d4 cxd4 7. Nxd4 O-O 8. O-O
Qa5 9. Nb3 Qh5 10. Nd5 d6 11. Nf4 Qe5 12. Nd3 Qh5 13. Bd2 Bd7 14. Nf4 Qf5 15.
Bc3 Rfd8 16. Nd5 Nxd5 17. Bxg7 Nf4 18. gxf4 Kxg7 19. e3 Rac8 20. Rc1 Kg8 21. Nd4
Qf6 22. Nxc6 Bxc6 23. b3 Bxg2 24. Kxg2 Rc5 25. Qf3 Rd7 26. Rfd1 Rdc7 27. Rb1 a6
28. a4 Qe6 29. Rd4 Rh5 30. Rbd1 b5 31. Rd5 bxc4 32. bxc4 Rxc4 33. Rxh5 gxh5 34.
Rd5 h6 35. Ra5 Qg6+ 36. Qg3 Rc6 37. Rxh5 Kh7 38. Qxg6+ Kxg6 39. Ra5 f5 40. Kg3
e6 41. f3 d5 42. e4 fxe4 43. fxe4 Rc3+ 44. Kf2 dxe4 45. Rxa6 Kf5 46. a5 Rf3+ 47.
Ke2 Ra3 48. h4 h5 49. Kf2 Kxf4 50. Rxe6 Ra2+ 51. Ke1 Rxa5 52. Rb6 Kf3 53. Rf6+
Ke3 54. Kf1 Rd5 55. Ra6 Kf3 56. Rf6+ Ke3 57. Ra6 Rd1+ 58. Kg2 Kf4 59. Ra5 Kg4
60. Re5 Rd4 61. Kf2 Kxh4 62. Ke3 Ra4 63. Re8 Kg3 64. Rg8+ Kh3 65. Rg5 h4 66. Rg8
Kh2 67. Rg4 h3 68. Ke2 Ra2+ 69. Kf1 e3 70. Re4 Rf2+ 71. Ke1 Rf3 72. Ke2 Kg2 0-1

[Event "SportAccord Blitz Men 2013"]
[Site "Beijing CHN"]
[Date "2013.12.15"]
[Round "13.4"]
[White "Ivanchuk, Vassily"]
[Black "Kamsky, Gata"]
[Result "1/2-1/2"]
[WhiteTitle "GM"]
[BlackTitle "GM"]
[WhiteElo "2731"]
[BlackElo "2721"]
[WhiteFideId "14100010"]
[BlackFideId "2000024"]
[EventDate "2013.12.14"]

1. d4 d5 2. c4 c6 3. Nf3 Nf6 4. Nc3 a6 5. cxd5 cxd5 6. Bf4 e6 7. e3 Bd6 8. Ne5
Ne4 9. Bd3 Nxc3 10. bxc3 Nc6 11. O-O O-O 12. Nxc6 bxc6 13. Bxd6 Qxd6 14. Qa4 Bd7
15. Qa5 e5 16. Rfb1 e4 17. Bf1 f5 18. Rb7 Rac8 19. Bxa6 Be6 20. Qb4 Qxb4 21.
cxb4 Ra8 22. Bf1 f4 23. a4 fxe3 24. fxe3 Rfb8 25. Rxb8+ Rxb8 26. b5 cxb5 27.
axb5 Bd7 28. Rc1 Kf7 29. Rc5 Ke6 30. Kf2 Kd6 31. Kg3 g5 32. Be2 h6 33. h3 Ra8
34. Rc3 Ra2 35. Bf1 Ra1 36. Kf2 Ra2+ 37. Kg3 Ra1 38. Be2 Ra2 39. Bh5 Bxb5 40.
Rc1 Ra3 41. Kf2 Ra2+ 42. Kg3 Ra3 43. Kf2 Ra2+ 44. Kg3 Ra3 1/2-1/2

[Event "SportAccord Blitz Men 2013"]
[Site "Beijing CHN"]
[Date "2013.12.15"]
[Round "13.5"]
[White "Karjakin, Sergey"]
[Black "Leko, Peter"]
[Result "1/2-1/2"]
[WhiteTitle "GM"]
[BlackTitle "GM"]
[WhiteElo "2756"]
[BlackElo "2730"]
[WhiteFideId "14109603"]
[BlackFideId "703303"]
[EventDate "2013.12.14"]

1. e4 e5 2. Nc3 Nf6 3. g3 d5 4. exd5 Nxd5 5. Bg2 Be6 6. Nf3 Nc6 7. O-O Bd6 8. d3
Nxc3 9. bxc3 O-O 10. Ng5 Bf5 11. Rb1 Rb8 12. Ne4 Qd7 13. Nxd6 Qxd6 14. Re1 Rfe8
15. Qh5 Be6 16. a4 Bd5 17. Bh3 b6 18. Qh4 Be6 19. Bf1 Rbd8 20. Ra1 Qc5 21. Bd2
h6 22. Qe4 Bd5 23. Qe3 Qd6 24. Bc1 Qf6 25. Bb2 Bf3 26. h4 Re7 27. c4 Rde8 28. c3
Na5 29. Rab1 c5 30. Bc1 Nc6 31. Bh3 e4 32. d4 cxd4 33. cxd4 Qxd4 34. Ba3 Rc7 35.
c5 Qxe3 36. Rxe3 bxc5 37. Bxc5 Ne5 38. Bd4 Nd3 39. Bf1 Rd8 40. Ba1 f6 41. Bh3
Rc1+ 42. Rxc1 Nxc1 43. Re1 Nd3 44. Rb1 Ne5 45. Be6+ Kh7 46. Bf5+ Kg8 47. Be6+
Kh7 48. Bf5+ Kg8 49. Be6+ 1/2-1/2

[Event "SportAccord Blitz Men 2013"]
[Site "Beijing CHN"]
[Date "2013.12.15"]
[Round "13.6"]
[White "Radjabov, Teimour"]
[Black "Wang, Hao"]
[Result "1-0"]
[WhiteTitle "GM"]
[BlackTitle "GM"]
[WhiteElo "2713"]
[BlackElo "2735"]
[WhiteFideId "13400924"]
[BlackFideId "8602883"]
[EventDate "2013.12.14"]

1. d4 Nf6 2. c4 e6 3. Nf3 d5 4. g3 Bb4+ 5. Bd2 Be7 6. Bg2 c6 7. O-O O-O 8. Qc2
b6 9. Ne5 Bb7 10. Bf4 Nbd7 11. Rd1 Rc8 12. Nc3 Nh5 13. Be3 Nhf6 14. Nxd7 Nxd7
15. b3 f5 16. Bc1 Bd6 17. a4 a5 18. Ba3 Qe7 19. Bxd6 Qxd6 20. e3 Nf6 21. Qd2 Ne4
22. Nxe4 fxe4 23. Rac1 Rf7 24. Qb2 Rcf8 25. Rd2 Ba6 26. c5 Qb8 27. cxb6 Qxb6 28.
Qc3 Rc7 29. Qc5 Rb8 30. Bf1 Bxf1 31. Kxf1 Qa6+ 32. Kg2 Rxb3 33. Qd6 Qc8 34. Rc5
Rb1 35. Rdc2 Rb6 36. Rxa5 h6 37. Rac5 Kh7 38. a5 Ra6 39. h4 Qd7 40. Qxd7 Rxd7
41. Rxc6 Rxa5 42. Rxe6 Ra1 43. Re5 Ra5 44. h5 Ra6 45. Rc5 Rad6 46. Ra5 Kg8 47.
Ra8+ Kf7 48. g4 Re6 49. Rf5+ Rf6 50. Kg3 Rxf5 51. gxf5 Rb7 52. Ra5 Kf6 53. Rxd5
Kg5 54. Re5 Rb1 55. Rxe4 Kxf5 56. Rf4+ Kg5 57. d5 Kxh5 58. Rd4 Rb7 59. d6 Rd7
60. Kf4 Kg6 61. Ke5 Kf7 62. e4 h5 63. Kd5 Ra7 64. Rc4 Ra5+ 65. Rc5 Rxc5+ 66.
Kxc5 h4 67. d7 Ke7 68. Kc6 Kd8 69. e5 h3 70. Kd6 1-0

[Event "SportAccord Blitz Men 2013"]
[Site "Beijing CHN"]
[Date "2013.12.15"]
[Round "13.7"]
[White "Dominguez Perez, Leinier"]
[Black "Ponomariov, Ruslan"]
[Result "1-0"]
[WhiteTitle "GM"]
[BlackTitle "GM"]
[WhiteElo "2754"]
[BlackElo "2731"]
[WhiteFideId "3503240"]
[BlackFideId "14103320"]
[EventDate "2013.12.14"]

1. e4 e5 2. Nf3 Nc6 3. Bb5 a6 4. Ba4 Nf6 5. Nc3 Bc5 6. O-O b5 7. Bb3 O-O 8. d3
h6 9. Nd5 d6 10. c3 Ba7 11. a4 Bb7 12. Nxf6+ Qxf6 13. Bd5 Nd8 14. Be3 c6 15. Bb3
Ne6 16. Bxa7 Rxa7 17. axb5 cxb5 18. g3 Nc5 19. Bc2 d5 20. d4 exd4 21. e5 Qe7 22.
Qxd4 Raa8 23. Rae1 Rfd8 24. Nh4 Bc8 25. b4 Ne4 26. Rxe4 dxe4 27. Qxe4 Qb7 28.
Qh7+ Kf8 29. Be4 Qb8 30. Qh8+ Ke7 31. Qxg7 Bh3 32. Ng6+ Kd7 33. Qxf7+ Kc8 34.
Ne7+ 1-0

[Event "SportAccord Blitz Men 2013"]
[Site "Beijing CHN"]
[Date "2013.12.15"]
[Round "13.8"]
[White "Giri, Anish"]
[Black "Vachier-Lagrave, Maxime"]
[Result "0-1"]
[WhiteTitle "GM"]
[BlackTitle "GM"]
[WhiteElo "2734"]
[BlackElo "2745"]
[WhiteFideId "24116068"]
[BlackFideId "623539"]
[EventDate "2013.12.14"]

1. d4 Nf6 2. c4 g6 3. Nc3 d5 4. cxd5 Nxd5 5. e4 Nxc3 6. bxc3 Bg7 7. Be3 c5 8.
Rc1 O-O 9. Qd2 e5 10. dxe5 Qxd2+ 11. Bxd2 Bxe5 12. Nf3 Bg7 13. Bc4 Nd7 14. O-O
Nb6 15. Bb3 Be6 16. Be3 Rac8 17. Nd2 Rfd8 18. Bxe6 fxe6 19. Nb3 Na4 20. c4 b6
21. Rc2 Nc3 22. f3 Rd3 23. Re1 Rcd8 24. Nc1 Rd1 25. Kf1 Rxe1+ 26. Kxe1 Rd1+ 27.
Kf2 Rh1 28. Kg3 Be5+ 29. f4 Bd4 30. Bxd4 cxd4 31. Nb3 Nxe4+ 32. Kf3 d3 33. Rb2
Re1 34. g3 h5 35. Rg2 g5 36. fxg5 Nxg5+ 37. Kf4 Nh3+ 38. Kf3 Ng5+ 39. Kf4 Re2 0-1

[Event "SportAccord Blitz Men 2013"]
[Site "Beijing CHN"]
[Date "2013.12.15"]
[Round "14.1"]
[White "Aronian, Levon"]
[Black "Vachier-Lagrave, Maxime"]
[Result "1/2-1/2"]
[WhiteTitle "GM"]
[BlackTitle "GM"]
[WhiteElo "2803"]
[BlackElo "2745"]
[WhiteFideId "13300474"]
[BlackFideId "623539"]
[EventDate "2013.12.14"]

1. d4 d5 2. c4 c6 3. Nf3 Nf6 4. Nc3 dxc4 5. a4 Bf5 6. Ne5 Nbd7 7. Nxc4 Nb6 8.
Ne5 a5 9. f3 Nfd7 10. Nxd7 Nxd7 11. e4 Bg6 12. Be2 e6 13. O-O Be7 14. Be3 O-O
15. Qb3 Qc7 16. Kh1 Rac8 17. Rfd1 Rfd8 18. Qa2 Qb6 19. Rd3 Qc7 20. Rf1 Kh8 21.
f4 Nf6 22. f5 exf5 23. exf5 Bh5 24. Bxh5 Nxh5 25. Qxf7 Nf6 26. Bf4 Qd7 27. Be5
Rf8 28. Qb3 Ng4 29. Rdf3 Bd6 30. h3 Nxe5 31. dxe5 Bxe5 32. Ne4 Qd5 33. Qc2 Rce8
34. Ng5 Bf6 35. Ne6 Rf7 36. Rd1 Qe5 37. b3 Rfe7 38. g4 h6 39. Kg2 Kh7 40. h4 Kg8
41. g5 hxg5 42. hxg5 Rxe6 43. fxe6 Qxg5+ 44. Rg3 Qe5 45. Qc4 Qxe6 46. Re3 Qxc4
47. Rxe8+ Kf7 48. bxc4 Kxe8 49. Rb1 Kd7 50. Rxb7+ Kd6 51. Ra7 Bc3 52. Kf3 Kc5
53. Ra6 Kxc4 54. Rxc6+ Kb3 55. Ke4 Bb4 56. Kd3 Kxa4 57. Kc4 Ka3 58. Rg6 Kb2 59.
Rxg7 Kc2 60. Rg2+ Kd1 61. Kd3 Kc1 62. Re2 Kd1 63. Rc2 Ke1 64. Rb2 Kf1 65. Ke3
Bc5+ 66. Ke4 Bb4 67. Ra2 Ke1 68. Kd3 Kf1 69. Ke3 Bc3 70. Re2 Bb4 71. Ra2 Bc3 72.
Rf2+ Kg1 73. Rc2 Bb4 74. Kf3 a4 75. Rc4 Bd2 76. Rxa4 Bc3 77. Ra2 Bd4 78. Rg2+
Kh1 79. Rd2 Bg1 80. Rd5 Bh2 81. Rh5 Kg1 82. Rg5+ Kh1 83. Kf2 Bb8 84. Rg1+ Kh2
85. Rg8 Ba7+ 86. Kf3 Bd4 87. Rd8 Bb6 88. Rd6 Bc5 89. Rd2+ Kh1 90. Rd5 Bg1 91.
Kg3 Bh2+ 92. Kh3 Bg1 93. Kg3 Bh2+ 94. Kf3 Bg1 95. Rd1 Kh2 96. Rc1 Kh1 1/2-1/2

[Event "SportAccord Blitz Men 2013"]
[Site "Beijing CHN"]
[Date "2013.12.15"]
[Round "14.2"]
[White "Ponomariov, Ruslan"]
[Black "Giri, Anish"]
[Result "1/2-1/2"]
[WhiteTitle "GM"]
[BlackTitle "GM"]
[WhiteElo "2731"]
[BlackElo "2734"]
[WhiteFideId "14103320"]
[BlackFideId "24116068"]
[EventDate "2013.12.14"]

1. e4 c5 2. Nf3 g6 3. d4 cxd4 4. Qxd4 Nf6 5. Nc3 Nc6 6. Qa4 d6 7. e5 dxe5 8.
Nxe5 Bd7 9. Nxd7 Qxd7 10. Be3 Bg7 11. Rd1 Qc8 12. Be2 O-O 13. O-O a6 14. Qh4 b5
15. a3 Ne5 16. Bc1 Ra7 17. a4 bxa4 18. Qxa4 e6 19. Rd6 Nfd7 20. Be3 Qc7 21. Rxa6
Rxa6 22. Qxa6 Rb8 23. Bc1 Nc5 24. Qa3 Qc6 25. Rd1 Bf8 26. Qa2 Ne4 27. Nxe4 Qxe4
28. Bd3 Nxd3 29. cxd3 Qe2 30. Rf1 Qxd3 31. Qa7 Qb5 32. Bf4 Rc8 33. Qa1 Bg7 34.
Qd1 Qxb2 35. Be3 h5 36. h3 Qb5 37. Qd2 Qd5 38. Qe2 Qc4 39. Qd2 Qc3 40. Qd7 Qc6
41. Qd2 Qc2 42. Qd7 Qc7 43. Qd2 Rd8 44. Qe2 Qd6 45. Rc1 Be5 46. Qc4 Kg7 47. Qc2
Bh2+ 48. Kh1 Bf4 49. Bxf4 Qxf4 50. f3 Rd5 51. Qc3+ e5 52. Re1 Qd4 53. Qc2 Rc5
54. Qe2 h4 55. Rd1 Qc4 56. Qe3 Qc2 57. Re1 Rd5 58. Qg5 Qc3 59. Rg1 Qd4 60. Qe7
Rd7 61. Qe8 Rd8 62. Qe7 Rd7 63. Qe8 Qd6 64. Ra1 Rd8 65. Qb5 Qd4 66. Re1 Rd5 67.
Qe8 Qc3 68. Rg1 Qd2 69. Qe7 Qf4 70. Re1 Qf6 71. Qb7 Qd6 72. Qb3 Rd3 73. Qc2 Rd2
74. Qe4 Rd1 75. Qxh4 Qd4 76. Qxd4 Rxe1+ 77. Qg1 Rxg1+ 78. Kxg1 f5 79. Kf2 Kh6
80. g3 Kg5 81. Ke3 Kf6 82. h4 Ke6 83. g4 Kd5 84. Kd3 fxg4 85. fxg4 e4+ 86. Ke3
Ke5 87. h5 gxh5 88. gxh5 Kf5 89. h6 Kg6 90. Kxe4 Kxh6 1/2-1/2

[Event "SportAccord Blitz Men 2013"]
[Site "Beijing CHN"]
[Date "2013.12.15"]
[Round "14.5"]
[White "Kamsky, Gata"]
[Black "Karjakin, Sergey"]
[Result "0-1"]
[WhiteTitle "GM"]
[BlackTitle "GM"]
[WhiteElo "2721"]
[BlackElo "2756"]
[WhiteFideId "2000024"]
[BlackFideId "14109603"]
[EventDate "2013.12.14"]

1. d4 Nf6 2. Bf4 g6 3. e3 Bg7 4. Nf3 O-O 5. c3 d6 6. h3 Nfd7 7. e4 Nc6 8. Bb5 e5
9. Bg5 Qe8 10. d5 Ne7 11. c4 h6 12. Be3 f5 13. Nc3 Qf7 14. Ba4 Nf6 15. Bc2 a5
16. Bd3 Bd7 17. Qc2 c6 18. dxc6 Nxc6 19. a3 f4 20. Bd2 Be6 21. Nb5 Rfd8 22. b3
Rac8 23. a4 Qe7 24. Bc3 Nd7 25. Be2 Nc5 26. Rd1 Bf7 27. g4 fxg3 28. fxg3 h5 29.
O-O Be6 30. Kg2 Bh6 31. Bd2 Nb4 32. Bxb4 axb4 33. Kh2 Rd7 34. Nh4 Kg7 35. Ng2
Rf8 36. Rxf8 Qxf8 37. Rf1 Rf7 38. Rxf7+ Qxf7 39. Nxd6 Qf2 40. Bd1 Qd4 41. Ne8+
Kf8 42. Nf6 Kf7 43. Nd5 Nxe4 44. Qe2 Nd2 45. Nc7 Bd7 46. Nb5 Qc5 47. Bc2 Bc6 48.
Nh4 e4 49. Nc7 Qe3 50. Qxe3 Nf1+ 51. Kg1 Nxe3 52. Bb1 Nd1 53. Bc2 Nc3 54. Nb5 e3
55. Nd4 e2 56. Nhf3 Be3+ 0-1